000 00635nam a2200229Ia 4500
003 OSt
005 20220924121928.0
006 a|||||r|||| 00| 0
007 ta
008 220923b |||||||| |||| 00| 0 ben d
024 _a286928
037 _cTextual
040 _aARTS
_cARTS
_bben
041 _2ben
_aben
082 _aO157,1K17,1, K3;2
100 _aChakraborty Mukundram
_9187672
245 0 _aKavikankan chandi
260 _aKolkata
_bBasumati Pvt. Ltd. India
_c1963
650 _aBENGALI LITERATURE
942 _hO157,1K17,1, K3;2
_cTEXL
_2CC
999 _c409527
_d409527